2024 NCAA Football Top 25 Teams - Statistics

General Stats
  • This quiz has been taken 563 times
    370 since last reset
  • The average score is 32 of 48
Answer Stats
Week(s) High Low Team % Correct
17 1 17 Alabama
98%
17 1 7 Ohio State
97%
17 1 6 Texas
96%
17 1 11 Georgia
95%
17 1 9 Oregon
93%
8 9 - Michigan
92%
17 2 18 Notre Dame
88%
17 3 10 Penn State
86%
17 9 25 Clemson
81%
7 15 - Oklahoma
80%
1 10 - Florida State
79%
3 20 - Arizona
78%
13 8 - Boise State
78%
12 5 - Indiana
78%
17 4 15 Tennessee
78%
17 4 19 Miami (FL)
77%
17 5 19 Ole Miss
77%
6 11 - USC
77%
12 10 - Texas A&M
76%
5 7 - Arizona State
75%
12 8 - LSU
75%
8 16 - Colorado
70%
6 13 - South Carolina
68%
2 21 - Iowa
67%
2 19 - Kansas
65%
12 16 - Illinois
64%
7 10 - Utah
63%
13 7 - BYU
62%
12 13 - Kansas State
60%
11 8 - SMU
60%
1 25 - Vanderbilt
60%
1 23 - Georgia Tech
59%
14 9 - Iowa State
59%
16 6 - Missouri
58%
5 13 - Oklahoma State
57%
2 22 - Nebraska
56%
10 16 - Army
55%
2 24 - Navy
54%
4 19 - Washington State
50%
5 18 - Pittsburgh
47%
3 20 - Syracuse
46%
2 24 - NC State
44%
3 18 - Tulane
44%
6 19 - UNLV
43%
7 15 - Louisville
40%
1 24 - Boston College
36%
3 24 - Memphis
35%
2 23 - Northern Illinois
24%
No matching quizzes found
Score Distribution
Percent of People with Each Score
Percentile by Number Answered
Your Score History
You have not taken this quiz since the last reset